Maritime ports, inland corridors and logistics / (Record no. 3147)

000 -LEADER
fixed length control field 03078cam a22004818i 4500
006 - FIXED-LENGTH DATA ELEMENTS--ADDITIONAL MATERIAL CHARACTERISTICS--GENERAL INFORMATION
fixed length control field m o d
007 - PHYSICAL DESCRIPTION FIXED FIELD--GENERAL INFORMATION
fixed length control field cr |||||||||||
008 - FIXED-LENGTH DATA ELEMENTS--GENERAL INFORMATION
fixed length control field 230720s2024 enk ob 001 0 eng
020 ## - INTERNATIONAL STANDARD BOOK NUMBER
International Standard Book Number 1003365019
020 ## - INTERNATIONAL STANDARD BOOK NUMBER
International Standard Book Number 9781003809401
Qualifying information (electronic bk. : PDF)
020 ## - INTERNATIONAL STANDARD BOOK NUMBER
International Standard Book Number 1003809405
Qualifying information (electronic bk. : PDF)
020 ## - INTERNATIONAL STANDARD BOOK NUMBER
International Standard Book Number 9781003809456
Qualifying information (electronic bk. : EPUB)
020 ## - INTERNATIONAL STANDARD BOOK NUMBER
International Standard Book Number 1003809456
Qualifying information (electronic bk. : EPUB)
020 ## - INTERNATIONAL STANDARD BOOK NUMBER
International Standard Book Number 9781003365013
Qualifying information (electronic bk.)
020 ## - INTERNATIONAL STANDARD BOOK NUMBER
Qualifying information (hardback)
020 ## - INTERNATIONAL STANDARD BOOK NUMBER
Qualifying information (paperback)
040 ## - CATALOGING SOURCE
Original cataloging agency IMU Kochi Library
Language of cataloging eng
041 0# - LANGUAGE CODE
Language code of text/sound track or separate title eng
082 00 - DEWEY DECIMAL CLASSIFICATION NUMBER
Classification number 387.1
Edition number 23/eng/20231023
245 00 - TITLE STATEMENT
Title Maritime ports, inland corridors and logistics /
300 ## - PHYSICAL DESCRIPTION
Extent 1 online resource.
490 0# - SERIES STATEMENT
Series statement Routledge studies in transport analysis
520 ## - SUMMARY, ETC.
Summary, etc "This book aims to highlight the interrelations between maritime ports, inland corridors and logistics. Inland corridors could be defined as major arteries for inland transportation from and to the maritime port. They link together one or several ports located on the maritime range with one or several major inland metropolitan areas. The efficiency of international supply chains depends not only on the smooth operations in the port but also on the efficiency of inland distribution in terms of cost, reliability, added value services for the goods, safety and finally the environment. With contributions from international experts, the book offers a transversal perspective on logistics corridor development using case studies on the Seine Axis, amongst others. Organised into four key sections, the book highlights the interrelations between ports and corridors using both empirical and theoretical research from various disciplines, including engineering as well as human and social sciences. Maritime Ports, Inland Corridors and Logistics will be directly relevant to a wide variety of scholars and postgraduate researchers in the fields of transport studies and management, maritime logistics, supply chain management and international logistics as well as industrial engineering, geography, economics and political science"--
650 #0 - SUBJECT ADDED ENTRY--TOPICAL TERM
Topical term or geographic name as entry element Harbors.
650 #0 - SUBJECT ADDED ENTRY--TOPICAL TERM
Topical term or geographic name as entry element Business logistics.
650 #7 - SUBJECT ADDED ENTRY--TOPICAL TERM
Topical term or geographic name as entry element BUSINESS & ECONOMICS / General
Source of heading or term bisacsh
650 #7 - SUBJECT ADDED ENTRY--TOPICAL TERM
Topical term or geographic name as entry element BUSINESS & ECONOMICS / Exports & Imports
Source of heading or term bisacsh
650 #7 - SUBJECT ADDED ENTRY--TOPICAL TERM
Topical term or geographic name as entry element BUSINESS & ECONOMICS / Operations Research
Source of heading or term bisacsh
700 1# - ADDED ENTRY--PERSONAL NAME
Personal name Bertelle, C.
Fuller form of name (Cyrille),
Relator term
700 1# - ADDED ENTRY--PERSONAL NAME
Personal name Gouin, Nathan,
Relator term
700 1# - ADDED ENTRY--PERSONAL NAME
Personal name Frémont, Antoine,
Relator term
852 ## - LOCATION/CALL NUMBER
Location IMU Kochi Library
856 40 - ELECTRONIC LOCATION AND ACCESS
Uniform Resource Identifier <a href="https://www.taylorfrancis.com/books/9781003365013">https://www.taylorfrancis.com/books/9781003365013</a>
856 42 - ELECTRONIC LOCATION AND ACCESS
Uniform Resource Identifier <a href="http://www.oclc.org/content/dam/oclc/forms/terms/vbrl-201703.pdf">http://www.oclc.org/content/dam/oclc/forms/terms/vbrl-201703.pdf</a>
904 ## - LOCAL DATA ELEMENT D, LDD (RLIN)
CATALOGER Rudra Ranjan
905 ## - LOCAL DATA ELEMENT E, LDE (RLIN)
VERIFIER Rudra Ranjan
942 ## - ADDED ENTRY ELEMENTS (KOHA)
Item type E-Book
264 #1 -
-- Abingdon, Oxon ;
-- New York, NY :
-- Routledge,
-- 2024.
520 ## - SUMMARY, ETC.
-- Provided by publisher.

No items available.



Copyright © All Rights Reserved by Indian Maritime University, Kochi Campus.
For any Suggestions/Query Contact to library or Email: library.kochi@imu.ac.in Ph:(0484)-2989402
(Web OPAC Designed by Rudra Ranjan. Maintained by IMU Kochi Library)

Powered by Koha